Statistics for Doctor Who Trivia :)

Click here to take the quiz!

General Stats

  • This quiz has been taken 6 times
  • The average score is 8 of 10

Answer Stats

HintAnswer% Correct
___ ___ are coolBow ties
100%
The impossible girlClara Oswin Oswald
100%
The Doctor’s wifeRiver Song
100%
Prison to contain the DoctorThe Pandorica
100%
Immortal womanAshildr (Me)
75%
Another ^Donna Noble
75%
Bad wolfRose Tyler
75%
Delivery serviceKerblam
50%
The TARDIS asks to be called ___Sexy
50%
Time Lord-Human hybridThe Doctor
50%

Score Distribution

Percentile by Number Answered

Percent of People with Each Score

Your Score History

You have not taken this quiz